[Event "31st Roquetas de Mar Open 2020"]
[Site "Roquetas de Mar"]
[Date "2020.01.07"]
[Round "9.4"]
[White "Sivuk, Vitaly"]
[Black "Rajarishi Karthi"]
[Result "1-0"]
[WhiteElo "2579"]
[BlackElo "2103"]
[Annotator "TA"]
[PlyCount "93"]
[EventDate "2020.01.02"]
[EventType "swiss"]
[EventCountry "ESP"]
[SourceTitle "playchess.com"]
[Source "ChessBase"]
[SourceQuality "1"]

{[%evp 22,121,18,16,43,35,52,44,43,51,43,35,36,12,44,37,41,0,43,40,29,0,0,10,21,-17,-21,-17,-24,-17,-21,-18,-17,-18,-17,-17,-17,-17,-17,-44,-16,-11,-12,-68,-16,-10,-6,-34,-3,-24,-6,-68,-74,-68,-72,-88,-88,-129,-124,-193,-193,-191,-187,-238,-236,-321,-150,-150,-162,-169,0,0,0,0,0,0,0,0,81,0,228,233,225,223,194,216,327,323,460,434,422,429,502,422,406,404,1400,1385,795,623,863,680]} 1. d4 d5 2. c4 e6 3. Nc3 Nf6 4. cxd5 exd5 5. Bg5 Be7 6. e3 c6 7. Bd3 O-O 8. Qc2 Nbd7 9. Nge2 Re8 10. f3 h6 11. Bh4 c5 12. O-O cxd4 {D36: Queen's Gambit Declined: Exchange Variation: Main line (5 Bg5 c6 6 Qc2)} 13. Nxd4 Nc5 {[#]} 14. Bb5 $146 ({Predecessor:} 14. Rad1 Nxd3 15. Rxd3 Be6 16. Qb3 Qd7 17. Rfd1 Ne4 18. Bxe7 Nxc3 19. Rxc3 Rxe7 20. Rdc1 {1-0 (46) Akobian,V (2695)-Roods,S (2160) Van Nuys 2016}) 14... Bd7 {White is slightly better.} 15. Rfd1 Bxb5 16. Ndxb5 Qb6 17. a4 {[%cal Ba2a4,Ba4a5][%mdl 32]} Ncd7 18. a5 ({Avoid the trap} 18. Nxd5 $2 Nxd5 19. Rxd5 Bxh4 $19) 18... Qc5 19. Qb3 {[%cal Rc3d5]} a6 20. Nd4 Qb4 21. Ra4 (21. Qxb4 {is more complex.} Bxb4 22. Nf5 Bxc3 23. bxc3 h5 24. Kf2) 21... Qxb3 22. Nxb3 Rac8 23. Nxd5 Nxd5 24. Rxd5 Bxh4 25. Rxh4 Rxe3 26. Rb4 $1 Rc2 $36 {[%cal Re3e1][%mdl 2048] Black has good play.} 27. Nd2 $1 Ne5 28. Re4 $1 {[%cal Re4e3]} Rxe4 29. Nxe4 $11 {[%mdl 4096] Endgame KRN-KRN} Nc6 30. b3 Rb2 31. Nc5 Nxa5 32. Rd8+ Kh7 33. Rd7 Kg6 34. h4 h5 35. Kh2 Rc2 36. Rd6+ ({White should play} 36. Nxb7 $11 Nxb3 37. Rd6+ f6 38. Rxa6) 36... f6 $15 37. Rd5 b6 38. Ne6 Nxb3 {Strongly threatening ...Nc5.} 39. Nf4+ Kh7 40. Rxh5+ (40. Rd6 $17) 40... Kg8 $19 41. Rd5 Rd2 42. Rh5 (42. Rxd2 {was called for.} Nxd2 43. Nd5) 42... Nd4 43. Kh3 a5 (43... Ne2 $19 44. Ng6 Kf7 45. Nh8+ Ke6) 44. Rd5 $17 a4 {aiming for ...a3.} 45. Rd8+ Kf7 $2 (45... Kh7 $19 {Hoping for ...a3.} 46. Ra8 b5) 46. Rd7+ $11 Kg8 {[#] White must now prevent ...a3.} 47. Rd8+ {Played: Nf4-e6} 1-0

[Event "31st Roquetas de Mar Open 2020"]
[Site "Roquetas de Mar"]
[Date "2020.01.07"]
[Round "9.5"]
[White "Espinosa Aranda, Angel"]
[Black "Vazquez Igarza, Renier"]
[Result "1/2-1/2"]
[WhiteElo "2504"]
[BlackElo "2552"]
[Annotator "TA"]
[PlyCount "42"]
[EventDate "2020.01.02"]
[EventType "swiss"]
[EventCountry "ESP"]
[SourceTitle "playchess.com"]
[Source "ChessBase"]
[SourceQuality "1"]

{[%evp 23,42,0,0,0,1,0,15,0,0,0,0,0,0,0,0,0,0,0,0,0,0]} 1. Nf3 Nf6 2. c4 c5 3. Nc3 Nc6 4. d4 cxd4 5. Nxd4 e6 6. Ndb5 d5 7. Bf4 e5 8. cxd5 exf4 9. dxc6 bxc6 10. Qxd8+ Kxd8 11. Rd1+ Bd7 12. Nd6 Bxd6 {The position is equal.} 13. Rxd6 {A33: Symmetrical English: 2 Nf3 Nf6 3 d4 cxd4 4 Nxd4 e6 5 Nc3 Nc6} Ke7 14. Rd2 Nd5 15. Nxd5+ cxd5 16. g3 {[#]} Rhc8 $146 ({Predecessor:} 16... Rac8 17. Bg2 Rc1+ 18. Rd1 Rc2 19. Rd2 Rc1+ 20. Rd1 Rc2 21. Rd2 {½-½ (21) Olafsson,H-Sosonko,G (2580) Luzern 1982}) 17. Bg2 Rc1+ 18. Rd1 Rc2 19. Rd2 Rc1+ 20. Rd1 Rc2 21. Rd2 Rc1+ 1/2-1/2

[Event "31st Roquetas de Mar Open 2020"]
[Site "Roquetas de Mar"]
[Date "2020.01.07"]
[Round "9.6"]
[White "Harutyunian, Tigran K."]
[Black "Suarez Uriel, Adrian"]
[Result "1-0"]
[WhiteElo "2533"]
[BlackElo "2362"]
[Annotator "TA"]
[PlyCount "65"]
[EventDate "2020.01.02"]
[EventType "swiss"]
[EventCountry "ESP"]
[SourceTitle "playchess.com"]
[Source "ChessBase"]
[SourceQuality "1"]

{[%evp 11,65,23,22,19,31,22,22,19,15,9,16,1,10,4,20,28,21,0,16,15,10,12,47,51,45,45,44,44,50,48,132,138,136,138,137,58,59,61,58,46,48,35,207,207,475,469,5838,5854,5347,5347,29992,29993,29993,29994,29994,29995]} 1. c4 e5 2. g3 d5 3. cxd5 Nf6 4. Bg2 Nxd5 5. Nf3 Nc6 6. O-O Nb6 7. b3 {A20: English Opening: 1...e5} g6 (7... Bd6 8. Bb2 O-O 9. d3 Qe7 10. Nbd2 Ba3 11. Bxa3 Qxa3 12. Qc1 Qe7 13. Qb2 Bg4 14. Rac1 Rad8 15. Rfe1 Rfe8 16. a3 a5 17. b4 axb4 18. axb4 {1-0 (31) Ding,L (2811)-Movsesian,S (2654) Khanty-Mansiysk 2019}) 8. Nc3 Bg7 {...e4! is the strong threat.} 9. Ba3 {The position is equal.} a5 10. d3 Nb4 11. Nd2 O-O 12. Nc4 $146 ({Predecessor:} 12. Bb2 Re8 13. Nc4 c6 14. Qc1 Nxc4 15. bxc4 {½-½ (36) Dedina,M (2308)-Sykora,J (2291) ICCF email 2010}) 12... Nxc4 13. bxc4 c6 14. Qb3 Qe7 15. Rab1 f5 16. Rfc1 e4 17. dxe4 fxe4 18. Nxe4 Bf5 19. Bxb4 axb4 20. c5+ Qe6 ({Black should play} 20... Kh8 $14 21. Qxb4 Rxa2) 21. Qxe6+ $16 Bxe6 22. Rxb4 Rxa2 23. Rxb7 (23. e3 $16) 23... Rxe2 $14 24. Re7 $36 {[%mdl 2048] White is pushing.} Bb2 $1 {[%cal Rb2c1]} 25. Rb1 Ba2 26. Rd1 {Strongly threatening Nf6+!} Rc2 $2 ({Better is} 26... Bb3 $1 $14 27. Rd2 Re1+ 28. Bf1 Ba1) 27. Bh3 $1 $18 Ba3 $2 (27... Rc1 28. Rxc1 Bxc1 29. Be6+ Bxe6) 28. Ra7 $1 Bd5 {[#]} (28... Bxc5 $142 29. Nxc5 Rf7) 29. Rxd5 $1 {Nf6+! would kill now.} Rc1+ 30. Kg2 {Threatening mate with Nf6+!} cxd5 31. Be6+ {[%mdl 64] Double Attack. White mates.} Kh8 {[#]} 32. Ng5 $1 {[%csl Gg5][%cal Ra7h7]} Rxf2+ {[#]} 33. Kh3 $1 {[%mdl 512] Accuracy: White = 77%, Black = 38%.} 1-0

[Event "31st Roquetas de Mar Open 2020"]
[Site "Roquetas de Mar"]
[Date "2020.01.07"]
[Round "9.7"]
[White "Krysa, Leandro"]
[Black "Gines Esteo, Pedro Antonio"]
[Result "1-0"]
[WhiteElo "2522"]
[BlackElo "2482"]
[Annotator "TA"]
[PlyCount "85"]
[EventDate "2020.01.02"]
[EventType "swiss"]
[EventCountry "ESP"]
[SourceTitle "playchess.com"]
[Source "ChessBase"]
[SourceQuality "1"]

{[%evp 9,85,10,13,13,14,13,25,32,26,31,147,156,164,170,158,157,150,119,120,114,112,118,117,125,113,109,141,137,187,172,226,225,222,222,222,215,226,224,221,223,219,214,381,404,388,393,366,344,348,347,302,283,375,376,434,405,448,440,407,356,563,334,327,321,496,390,572,534,649,488,782,763,5097,1000,29985,29986,29992,29993]} 1. Nf3 d5 2. g3 c6 3. Bg2 Bg4 4. h3 Bh5 5. O-O Nd7 6. d4 {A07: Réti Opening: New York and Capablanca Systems} e6 7. c4 Bd6 8. Qb3 {White has an edge.} Rb8 9. Nc3 {[%cal Rc4d5]} f5 $146 (9... Bxf3 $14 10. Bxf3 f5) ({Predecessor:} 9... Ngf6 10. cxd5 exd5 11. Nh4 Bg6 12. Bd2 {½-½ (109) Donchenko,A (2604)-Sebenik,M (2540) chess.com INT 2019}) 10. Ng5 $1 $16 {[%cal Rg5e6]} (10. cxd5 $6 exd5 11. Bd2 h6 $11) 10... Qe7 11. cxd5 exd5 12. Bxd5 h6 {With the idea ...Ngf6.} (12... cxd5 $2 13. Nxd5 Qf8 14. Ne6 $18) 13. Bxg8 {Hoping for Nf3.} hxg5 14. Qe6 Nf6 15. Qxe7+ (15. Bxg5 $6 Rxg8 16. Qxg8+ Nxg8 $11) 15... Kxe7 16. Bb3 f4 17. Kg2 Bg6 {[#]} 18. e4 $1 {[%cal Re4e5][%mdl 512] Strongly threatening e5.} Bb4 (18... Nxe4 19. Re1) 19. gxf4 Nxe4 (19... Bxc3 {might work better.} 20. bxc3 Nxe4) 20. Re1 $18 {Bc2 is the strong threat.} (20. fxg5 Nxc3 21. bxc3 Bxc3 $14) 20... Bxc3 21. bxc3 Kd7 {[#]} 22. f3 $1 {[%cal Rf3e4]} (22. fxg5 $6 Bf5 $16) 22... Nxc3 23. Be6+ (23. fxg5 $6 Nd5 $16) 23... Kc7 24. f5 ({Don't do} 24. fxg5 $6 Rbe8) 24... Bh7 25. Bxg5 Rbf8 $2 (25... Rbe8 26. Bf4+ Kd8) 26. Rac1 Nb5 27. Bf4+ Kb6 28. Be5 Bxf5 29. Bxf5 ({Not} 29. Bxg7 Bxh3+ 30. Kf2 (30. Bxh3 Rfg8 $11) 30... Bxe6 $14) 29... Rxf5 30. a4 Rg5+ 31. Kf2 Rxe5 32. dxe5 {[%mdl 4096] Endgame KRR-KRN} ({Weaker is} 32. Rxe5 Nxd4 33. Rc4 c5 $18) 32... Nd4 33. e6 Re8 34. Re4 c5 (34... Nf5 {keeps fighting.} 35. Rg1 Nd6 36. a5+ Kxa5) 35. Re5 Rxe6 36. Rcxc5 Rh6 (36... Rf6 $142 37. Rc3 Ka6) 37. Rc4 Ne6 (37... Nc6 {was necessary.}) 38. h4 Rf6 39. Kg3 Ka6 (39... g6 $142 40. Rd5 Nf8 41. a5+ Ka6) 40. h5 g6 41. h6 {Black must now prevent h7.} g5 42. h7 Rh6 43. Rxe6+ {[%mdl 64] Promotion. Accuracy: White = 97%, Black = 40%.} 1-0

[Event "31st Roquetas de Mar Open 2020"]
[Site "Roquetas de Mar"]
[Date "2020.01.07"]
[Round "9.8"]
[White "Pridorozhni, Aleksei"]
[Black "Shariyazdanov, Andrey"]
[Result "1-0"]
[WhiteElo "2601"]
[BlackElo "2519"]
[Annotator "TA"]
[PlyCount "67"]
[EventDate "2020.01.02"]
[EventType "swiss"]
[EventCountry "ESP"]
[SourceTitle "playchess.com"]
[Source "ChessBase"]
[SourceQuality "1"]

{[%evp 9,69,15,27,16,31,20,46,32,46,50,47,53,54,44,34,0,0,0,6,9,39,37,61,41,65,69,76,59,66,51,56,31,42,33,47,26,0,0,-14,-26,-11,-162,-32,-173,122,0,0,0,6,10,15,0,37,27,21,-37,235,234,213,179,237,242]} 1. e4 c5 2. Nc3 Nc6 3. Bb5 Nd4 4. Nf3 Nxb5 5. Nxb5 a6 6. Nc3 {B23: Closed Sicilian: Lines without g3} d6 7. d4 cxd4 8. Qxd4 {White is slightly better.} Nf6 9. Bg5 e6 10. O-O-O {Strongly threatening e5.} Be7 $1 11. Bxf6 gxf6 12. Nh4 $146 ({Predecessor:} 12. Rhe1 Qc7 13. Nh4 Bd7 14. Nf5 {1-0 (59) Pridorozhni,A (2512)-Kobalia,M (2651) Khanty-Mansiysk 2013}) 12... Bd7 13. Rhe1 Rc8 14. f4 Rg8 15. f5 Qa5 16. g3 Kf8 17. Kb1 Kg7 18. Ng2 Kh8 19. Ne3 Qc5 20. Qd3 b5 21. Ne2 b4 22. Nd4 a5 {[%cal Ba6a5,Ba5a4,Ba4a3][%mdl 32]} 23. g4 a4 24. h3 Rc7 25. Ng2 $2 {[#]} (25. h4 $11) 25... Rgc8 (25... e5 $1 $19 {[%cal Re5d4]} 26. Ne2 Bb5) 26. Nf4 {[#]} ({Better is} 26. Ne3 $15) 26... Qe5 $2 (26... e5 $1 $19 {[%cal Re5f4]} 27. Nd5 exd4 28. Nxc7 Rxc7) 27. Qe3 {[#]} (27. fxe6 $16 Bxe6 28. Nd5) 27... a3 $1 {[%mdl 512]} 28. b3 (28. bxa3 bxa3) 28... Rc3 29. Nd3 Qa5 {next ...e5 is good for Black.} 30. fxe6 fxe6 31. Rd2 Qb6 32. Nf5 (32. Rf2 $11) 32... Qd8 $2 {[%mdl 8192]} (32... Qxe3 $15 {keeps the upper hand.} 33. Nxe3 Bb5) 33. Nxe7 $18 {White is clearly better.} Qxe7 34. Qb6 {Played: Qe3-d4} 1-0

[Event "31st Roquetas de Mar Open 2020"]
[Site "Roquetas de Mar"]
[Date "2020.01.07"]
[Round "9.9"]
[White "Maiorov, Nikita"]
[Black "Low, Zhen Yu Cyrus"]
[Result "0-1"]
[WhiteElo "2519"]
[BlackElo "2415"]
[Annotator "TA"]
[PlyCount "164"]
[EventDate "2020.01.02"]
[EventType "swiss"]
[EventCountry "ESP"]
[SourceTitle "playchess.com"]
[Source "ChessBase"]
[SourceQuality "1"]

{[%evp 17,164,0,17,0,0,0,12,-3,-1,-9,0,0,39,39,39,39,39,39,63,39,60,38,75,52,65,0,70,66,103,101,87,111,131,97,218,231,218,168,172,0,231,233,397,181,267,265,268,271,206,197,194,114,143,143,178,193,200,192,691,229,228,213,480,480,463,449,690,725,695,685,653,536,539,538,525,516,488,476,464,354,433,364,346,393,386,379,395,0,391,377,384,386,365,364,417,415,529,522,585,402,507,499,506,511,553,217,194,-8,-8,-8,-8,-8,-8,-180,-167,-141,-147,-179,-70,-513,-516,-513,-471,-643,-561,-1353,-1352,-4617,-3066,-2873,-2949,-29956,-10543,-29967,-29971,-29973,-29975,-29978,-29981,-29984,-29985,-29985,-29986,-29987,-29988,-29989,-29990,-29990,-29990]} 1. d4 Nf6 2. Nf3 g6 3. Bf4 Bg7 4. e3 O-O 5. h3 d6 6. Be2 Nbd7 7. O-O b6 8. Nbd2 Bb7 9. c3 e6 10. Bh2 {A48: 1 d4 Nf6 2 Nf3 g6: Torre, London and Colle Systems} Qe7 11. a4 a5 12. Bb5 {The position is equal.} (12. Nc4 Ne4 13. Nfd2 Nxd2 14. Nxd2 f5 15. Bf3 Bxf3 16. Qxf3 g5 17. e4 f4 18. Qe2 c5 19. Qd3 h5 20. f3 Qf6 {½-½ (72) Cacho Reigadas,S (2511)-Morozevich,A (2731) Bilbao 2014}) 12... e5 13. Qb1 $146 ({Predecessor:} 13. b4 e4 14. Ne1 Nd5 15. Qb3 f5 16. Nc2 Kh8 17. bxa5 Rxa5 {0-1 (38) Vukotic Jovsic,D (2003)-Dierssen Garcia Barredo,G (2001) Madrid 2014}) 13... Rad8 14. Rc1 Nd5 15. e4 Nf4 16. Bxf4 exf4 17. Re1 h5 18. Qd1 Kh8 19. Qe2 Nf6 20. Qd3 Nh7 21. Qe2 Nf6 22. e5 Nd5 23. Qc4 {Black must now prevent exd6.} dxe5 24. Nxe5 Qg5 {aiming for ...Ne3!} 25. Nc6 Ra8 (25... Rd7 $16) 26. Nf3 $18 Qf5 27. Nfe5 $36 {[%mdl 2048] White has strong initiative.} Qe6 {[#]} 28. Nf3 (28. Nxg6+ $142 $1 {[%mdl 512]} Qxg6 29. Qxd5) 28... Qf5 29. Re2 Bc8 $2 {[#]} (29... Bf6 {was necessary.} 30. Ree1 Bg7) 30. Qb3 (30. Re5 $142 $1 {[%mdl 512]} Bxe5 31. dxe5) 30... Bd7 (30... Be6 $142) 31. Rae1 Rae8 32. Nce5 Bxb5 33. axb5 Rd8 34. Qc4 ({Better is} 34. Nc6 $18 Rd7 35. c4) 34... Rd6 35. Nc6 Qd7 36. Qd3 Bf6 37. Nfe5 Qc8 $2 {[#]} (37... Qf5 38. Qxf5 gxf5) 38. Qf3 $2 (38. Nxf7+ $1 {[%mdl 512]} Rxf7 39. Qxg6) 38... Qf5 39. Re4 {c4 is the strong threat.} Bg5 $2 (39... Kg7 {is a better defense.} 40. Kh2 Re6) 40. Nc4 Re6 41. Re5 {[%mdl 64] Discovered Attack} Nf6 (41... Ne7 $142 42. Nxe7 Bxe7 43. Rxf5 Rxe1+ 44. Kh2 gxf5 45. Qxh5+ {[%mdl 64] Double Attack} Kg8 46. Qxf5 Re6 47. Qxf4 Bd6 48. Nxd6 Rxd6) 42. Rxe6 fxe6 43. Ne7 Qc2 44. Na3 Qd2 45. Rd1 Qxb2 46. Nxg6+ Kg7 47. Nxf8 Kxf8 48. c4 Kf7 49. Qd3 Bh4 50. Nc2 a4 51. Rf1 Qb3 52. Rd1 $2 (52. Ne1 $18) 52... Qxd3 $4 {[%mdl 8192]} (52... Qb2 $1 $11 {and Black has nothing to worry.} 53. Rf1 Qb3) 53. Rxd3 $11 {[%mdl 4096] Endgame KRN-KBN} Ne4 54. Rf3 Bg5 {[#]} 55. h4 $1 Bh6 (55... Bxh4 56. Rxf4+) 56. Ra3 Ke7 57. Rxa4 Bg7 58. Ra3 Bf6 59. Rf3 Nd2 60. Rxf4 Bg7 {and the idea ...Bh6 leaves Black hopeful.} 61. d5 $2 (61. Nb4) 61... Be5 $18 62. Rf3 $2 ({White has to play} 62. Rd4 $1 $18 {[%cal Rd4d2]} Bxd4 63. Nxd4) 62... Nxf3+ $11 63. gxf3 exd5 64. cxd5 {KB-KN} Kd6 65. Ne3 $2 (65. Nb4 $1 $11 {and White is okay.}) 65... Kc5 $19 66. Kf1 Kxb5 67. Ke2 {[#]} Bf6 (67... Kc5 $1 $19 68. Nf5 Kxd5) 68. Kd3 $2 {[%mdl 8192]} ({White should play} 68. Nf5 $1 $15) 68... Bxh4 69. Nf5 Bxf2 70. d6 cxd6 71. Nxd6+ Kc6 72. Nc4 b5 {[%cal Bb6b5,Bb5b4,Bb4b3,Bb3b2][%mdl 32]} 73. Nd2 Kd5 74. f4 h4 75. f5 h3 {Black mates.} 76. Nf3 {[#]} Bd4 $1 {[%mdl 512]} 77. Ke2 (77. Nxd4 h2) 77... b4 78. Kf1 b3 79. Nd2 b2 80. Nb1 Ke5 81. Na3 Kxf5 82. Nb1 Ke5 {Accuracy: White = 41%, Black = 43%.} 0-1

[Event "31st Roquetas de Mar Open 2020"]
[Site "Roquetas de Mar"]
[Date "2020.01.07"]
[Round "9.10"]
[White "Manu David Suthandram R"]
[Black "Sosa, Tomas"]
[Result "0-1"]
[WhiteElo "2362"]
[BlackElo "2508"]
[Annotator "TA"]
[PlyCount "108"]
[EventDate "2020.01.02"]
[EventType "swiss"]
[EventCountry "ESP"]
[SourceTitle "playchess.com"]
[Source "ChessBase"]
[SourceQuality "1"]

{[%evp 14,108,47,25,27,25,45,25,18,0,0,-21,-2,-8,-1,-23,-14,-40,-35,-35,-37,-29,-27,-32,-30,-34,-27,-28,-28,-21,-23,-37,-33,-47,-47,-47,-47,-53,-30,-70,-59,-52,-62,-104,-86,-99,-31,-43,-31,-31,-31,-31,-46,-40,-31,-44,-28,-52,-31,-32,-32,-32,-40,-43,-35,-42,-8,-8,-8,-8,-8,-8,-8,-95,-87,-159,-147,-160,-131,-247,-250,-234,-271,-1439,-1589,-1508,-949,-1437,-787,-1675,-1418,-1534,-1398,-29974,-29973,-29944,-6087]} 1. e4 c5 2. Nf3 Nc6 3. d4 cxd4 4. Nxd4 Nf6 5. Nc3 g6 6. Nxc6 dxc6 7. Qxd8+ Kxd8 8. Bf4 Nd7 {B34: Sicilian: Accelerated Dragon with 5 Nc3: sidelines} (8... Be6 9. O-O-O+ Ke8 10. Be2 Nd7 11. Bd2 Nb6 12. b3 h5 13. f4 Bg4 14. Rde1 Bxe2 15. Rxe2 f6 16. f5 {1-0 (63) Ponkratov,P (2590)-Zvjaginsev,V (2643) St Petersburg 2017}) 9. O-O-O Ke8 10. Bc7 $146 ({Predecessor:} 10. h4 e5 11. Bd2 h5 12. a4 a5 13. Bc4 Bh6 14. Bxh6 Rxh6 15. Rd2 Rh8 16. Rhd1 Rf8 17. Nb5 Ke7 18. Nd6 Nc5 19. f3 b6 20. b3 Ra7 21. Bxf7 {1-0 (21) Savitskiy,S (2356)-Vokarev,S (2468) Loo 2014}) 10... e5 {White has an edge.} 11. Be2 f6 12. h4 h5 13. Bc4 Be7 14. Rhf1 Nc5 15. a3 Be6 16. Bxe6 Nxe6 17. Bd6 a5 18. Rfe1 Bxd6 19. Rxd6 Ke7 20. Rd2 a4 21. Red1 {Black must now prevent Rd7+.} Rhd8 22. Rxd8 Nxd8 $11 {[%mdl 4096] Endgame KRN-KRN} 23. Kd2 Nf7 24. Kc1 Nd6 25. Re1 b5 26. Re2 g5 27. hxg5 fxg5 28. Na2 h4 29. Nb4 Rc8 (29... g4 $17 30. Nd3 (30. Nxc6+ Ke6 $17) 30... h3 31. gxh3 gxh3) 30. Nd3 $15 Kf6 31. f3 c5 32. Rd2 Nc4 33. Re2 Ke6 34. Re1 Rc7 35. Re2 Kd6 36. Re1 Rf7 37. Nf2 Ke6 38. Nh3 Rg7 39. Nf2 b4 40. axb4 $1 cxb4 {Threatens to win with ...a3.} 41. b3 axb3 42. cxb3 Na5 {Strongly threatening ...Rc7+.} 43. Re3 (43. Kb2 $11 {was the only way to keep the balance.}) 43... Nc6 $17 44. Kb1 ({White should play} 44. Nd3) 44... Nd4 45. Rd3 Rc7 46. Nd1 (46. Nh3 $17) 46... Ne2 $19 47. Ne3 {[#]} Nf4 $1 {[%cal Rf4d3]} 48. Nd5 $2 (48. Rd8 Rc3 49. Ng4) 48... Nxd3 49. Nxc7+ {KN-KN} Kd6 50. Nd5 Ne1 51. Ne3 Kc5 ({Not} 51... Nxg2 52. Nxg2 Kc5 53. Ne3 $17) 52. Kc1 {[#]} Nxg2 $1 {[%mdl 576] Remove Defender} 53. Nxg2 h3 54. Ne1 Kd4 {Accuracy: White = 40%, Black = 70%.} 0-1

[Event "31st Roquetas de Mar Open 2020"]
[Site "Roquetas de Mar"]
[Date "2020.01.07"]
[Round "9.11"]
[White "Wieczorek, Oskar"]
[Black "Silva Lucena, Cristian"]
[Result "1-0"]
[WhiteElo "2490"]
[BlackElo "2217"]
[Annotator "TA"]
[PlyCount "75"]
[EventDate "2020.01.02"]
[EventType "swiss"]
[EventCountry "ESP"]
[SourceTitle "playchess.com"]
[Source "ChessBase"]
[SourceQuality "1"]

{[%evp 15,81,38,39,27,32,25,70,12,34,22,66,63,61,62,83,46,65,52,100,91,76,83,65,49,38,47,48,60,120,122,134,134,126,135,131,116,361,363,352,342,311,301,391,374,632,646,881,871,907,900,917,900,887,904,841,855,947,920,913,912,2291,1943,1087,517,5594,1370,29993,29994]} 1. e4 e5 2. Nf3 Nc6 3. Bb5 a6 4. Ba4 g6 5. c3 d6 6. d4 Bd7 7. O-O Bg7 8. Re1 Nf6 9. h3 {C79: Ruy Lopez: Steinitz-type lines with 3...a6 4 Ba4 Nf6 5 0-0 d6} O-O 10. Bc2 a5 $146 ({Predecessor:} 10... h6 11. Nbd2 Re8 12. Nf1 Nh5 13. Be3 Qf6 14. N1h2 Nf4 15. dxe5 Nxe5 16. Nxe5 Rxe5 {½-½ (55) Jones,G (2688)-Flores,D (2602) Khanty-Mansiysk 2019}) 11. Nbd2 ({White should try} 11. d5 $14) 11... Nh5 {[%cal Re5d4]} 12. Nf1 Nf4 13. Be3 Qf6 14. N1h2 Rad8 15. d5 Nb8 16. h4 h6 17. g3 Nh5 18. Qd2 Kh7 19. c4 (19. g4 $5 {[%cal Rg4h5]} Nf4 20. g5 hxg5 21. hxg5 Nh3+ 22. Kg2 $14) 19... b6 20. a3 Qe7 21. b4 axb4 ({Better is} 21... Na6 $14) 22. axb4 $16 f5 23. exf5 gxf5 24. Ra7 {[%cal Ba1a7,Ba7c7,Bc7b7][%mdl 32] And now g4 would win.} e4 25. Rxc7 exf3 $2 (25... Rc8 $16 26. Bxb6 Rxc7 27. Bxc7 Rc8) 26. Bg5 $18 ({Less strong is} 26. Bxb6 Qf7 $16) 26... Qf7 27. Bxd8 ({Not} 27. Nxf3 Rc8 $11) 27... Rxd8 28. Nxf3 Rc8 29. Rb7 b5 $2 {[#]} (29... Kg8 30. Qd3 Nf6 31. Rxb6 Ne4) 30. c5 $1 {[%mdl 512]} dxc5 31. Ne5 Bxe5 32. Rxe5 Ng7 33. bxc5 Qf6 34. Re1 Rxc5 35. Rxb8 Qd6 36. Rb7 Rxd5 37. Qc3 Nh5 {[#]} 38. Bb3 {Played: Qc3-f3} 1-0

[Event "31st Roquetas de Mar Open 2020"]
[Site "Roquetas de Mar"]
[Date "2020.01.07"]
[Round "9.12"]
[White "Kumar, Nikhil"]
[Black "Real De Azua, Ernesto"]
[Result "0-1"]
[WhiteElo "2315"]
[BlackElo "2456"]
[Annotator "TA RC"]
[PlyCount "126"]
[EventDate "2020.01.02"]
[EventType "swiss"]
[EventCountry "ESP"]
[SourceTitle "playchess.com"]
[Source "ChessBase"]
[SourceQuality "1"]

{[%evp 9,126,14,26,13,33,25,35,27,28,41,32,34,28,31,33,19,22,17,25,18,25,2,14,0,0,-15,-12,-31,-13,-45,-18,-17,-15,-10,-25,-51,-51,-40,-47,-126,-141,-152,-146,-158,-146,-150,-152,-140,-94,-96,-91,-75,-68,-67,-60,-70,-51,-51,-51,-165,-165,-589,-589,-589,-575,-575,-574,-535,-536,-1702,-515,-1688,-515,-1658,-1556,-1466,-1456,-1152,-435,-5824,-6705,-5281,-2789,-12837,-12837,-12836,-8323,-12828,-12829,-3030,-2082,-12842,-12842,-12843,-12843,-12844,-12844,-12850,-12850,-12850,-27999,-12851,-27999,-12851,-29958,-12851,-29982,-12851,-29980,-12851,-27999,-12851,-27999,-12851,-29978,-12851,-29985,-12851,-27999]} 1. d4 Nf6 2. Nf3 g6 3. e3 Bg7 4. Be2 O-O 5. O-O d5 6. b4 {D04: Colle System} (6. b3 c5 7. Bb2 cxd4 8. Nxd4 b6 9. Nd2 Bb7 10. c4 Nbd7 11. Rc1 Rc8 12. N2f3 a6 13. cxd5 Nxd5 14. Rxc8 Qxc8 15. Qa1 Qa8 16. Rd1 {½-½ (39) Kramnik,V (2753)-Nepomniachtchi,I (2774) Amsterdam 2019}) 6... c6 7. Bb2 Bf5 8. Nbd2 {White is slightly better.} Ne4 9. Nxe4 Bxe4 10. Nd2 Bf5 11. c4 Nd7 $146 ({Predecessor:} 11... dxc4 12. Nxc4 {½-½ (43) Epishin,V (2563)-Danin,A (2590) Hofheim 2015}) 12. cxd5 cxd5 13. Qb3 Nf6 14. a4 Qd7 15. Rac1 Rfc8 16. a5 Bg4 17. Bxg4 Qxg4 18. Qd3 Qd7 19. Nb3 Qa4 20. Nc5 Qxb4 21. Bc3 Qc4 $1 {Strongly threatening ...Rxc5.} 22. Qxc4 dxc4 23. Nxb7 Nd5 24. Ba1 (24. a6 $15) 24... c3 $17 25. Nc5 {[#]} e5 $1 {[%cal Re5d4]} 26. Bxc3 Nxc3 27. Rxc3 exd4 28. Rcc1 dxe3 29. fxe3 Bb2 30. Rb1 Rxc5 31. Rxb2 Rxa5 {[%mdl 4096] Endgame KRR-KRR} 32. Rb7 Rf5 33. Rxf5 gxf5 $15 {KR-KR} 34. Rb5 {[#]} ({White has to play} 34. Rb4 $1 $15) 34... a5 $1 $19 {[%cal Ba7a5,Ba5a4,Ba4a3][%mdl 32]} 35. Rxf5 $2 (35. Rb3 {nothing else works.}) 35... a4 36. Rf2 a3 {aiming for ...a2.} 37. Ra2 Kg7 38. Kf2 Kf6 39. e4 Ke5 40. Ke3 f6 (40... h5 $142 41. Kd3 h4) 41. Kd3 (41. g4 $142 Ra4 42. h3) 41... h5 42. Ke3 Ra7 43. Kd3 Ra4 44. Kc3 (44. g3 $142 Ra6 45. Ke3) 44... Kxe4 45. Re2+ Kf4 46. g3+ Kf3 47. Ra2 Ra6 48. Kd3 f5 49. Kc3 Ke3 50. Kc4 {[#]} h4 $1 {[%mdl 512]} 51. Kb5 (51. gxh4 f4) 51... Ra8 52. Kc4 hxg3 53. hxg3 Kf3 54. Kd3 Kxg3 55. Ke2 f4 56. Kf1 f3 57. Kg1 Rb8 (57... Kf4 $19 58. Kf1 Kg3) 58. Rg2+ Kf4 59. Rg7 Rb1+ 60. Kf2 Rb2+ 61. Kf1 a2 {[%cal Ra2a1]} 62. Rf7+ Ke5 {[%cal Ra2a1]} 63. Re7+ Kd6 {Accuracy: White = 33%, Black = 74%.} (63... Kf6 $19 64. Ra7 Rb1+ 65. Kf2 a1=Q 66. Rxa1 Rxa1 67. Kxf3 Re1 68. Kf4 Re5 69. Kg3 Kf5 70. Kf3 Kg5 71. Kg2 Kg4 72. Kf2 Re4 73. Kg2 Rf4 74. Kh1 Kg3 75. Kg1 Rf5 76. Kh1 Rf1#) 0-1